Statistics for Top 5 Most Famous by First Name: X

Click here to take the quiz!

General Stats

  • This quiz has been taken 3 times
  • The average score is 4 of 45

Answer Stats

First NameLast NameHintLifespan% Correct
XanderSchauffeleGolfer1993-
100%
XavierBecerraU.S. Attorney General / Lawyer / Politician1958-
50%
XanderBogaertsBaseball Shortstop1992-
50%
XiaopingDengChinese Revolutionary / Statesman / Paramount Leader1904-1997
50%
XiaoGuodongSnooker Player1989-
50%
XavierRhodesFootball Cornerback1990-
50%
XiaBaolongChinese Politician1952-
0%
XeniaBelmasSoprano1890-1981
0%
XanderBennettScreenwriter / Actor1984-
0%
XanderBerkeleyActor1955-
0%
XiangBoChinese Noble of the Chu State??? BC-192 BC
0%
XiaBrooksideWrestler1998-
0%
XingDanwenArtist / Photographer1967-
0%
XavierDolanFilm Director / Actor / Screenwriter / Editor / Costume Designer / Voice Actor1989-
0%
XantheElbrickActress1978-
0%
XingFeiActress1994-
0%
XeniaGhaliSongwriter / Record Producer / DJ1989-
0%
XeniaHausnerPainter / Stage Designer1951-
0%
XiaHengEntrepreneur / Co-Founder of XPeng1983-
0%
XiaoHunianChinese Noble Lady953-1009
0%
XantheHuynhVoice Actress1987-
0%
XiangJingyuMember of the Communist Party of China / Pioneer of the Woman's Movement of China1895-1928
0%
XiaopingLiGymnast1962-
0%
XiaLiWrestler1988-
0%
XenaLongenováActress1891-1928
0%
XantheMalletForensic Anthropology / Criminologist / TV Presenter1976-
0%
XeniaMartinezSinger1994-
0%
XanderMobusVoice Actor1992-
0%
XiaopingRenOrthopedic Surgeon1961-
0%
XavierRuddSinger-Songwriter / Multi-Instrumentalist1973-
0%
XantheRyderAlpine Skier1926-1988
0%
XeniaTchoumitchevaModel / Actress / Blogger / Author / Entrepreneur1987-
0%
XiaVigorChild Actress / TV Host2009-
0%
XavierWoodsWrestler1986-
0%
XiangXiangSinger1984-
0%
XingXinContemporary Artist1981-
0%
XiaoYangChinese Governor1929-1998
0%
XiaoYanyanKhitan Empress / Chinese Military Leader953-1009
0%
XiangYuChinese Hegemon-King232 BC-202 BC
0%
XingYuShaolin Monk1978-
0%
XiaoZhanActor / Singer1991-
0%
XiaopingZhangAmateur Boxer1982-
0%
XingZhaolinActor / Model / Singer1997-
0%
XiaopingZhouEssayist / Blogger1981-
0%
XiangZhuangChinese Military General200s BC
0%

Score Distribution

Percentile by Number Answered

Percent of People with Each Score

Your Score History

You have not taken this quiz